| 000 | 00893nam a2200313 a 4500 | ||
|---|---|---|---|
| 001 | 000113387 | ||
| 003 | CHAP | ||
| 005 | 20230524115445.0 | ||
| 008 | 170615s2009 ck a |r| ||1|||spa d | ||
| 010 | _a109848 | ||
| 011 | _a110820 | ||
| 020 | _a9789584103895 | ||
| 040 | _cCHAP | ||
| 082 | 0 | 4 |
_a541 _bC45 |
| 100 | 1 | 0 |
_aChang, Raymond _921856 |
| 245 | 1 | 0 |
_aQuímica I / _cpor Raymond Chang. |
| 260 |
_aBogotá : _bMcGraw-Hill, _c2009. |
||
| 300 |
_axxii, 430 p. : _bil. |
||
| 500 | _aIncluye manual de actividades On Line | ||
| 534 |
_pTít. original : _tChemistry |
||
| 590 |
_aBATCH-UPD _b05 _c20170615 _lUCH01 _h0903 |
||
| 590 |
_aE11695DGD _b10 _c20170616 _lUCH01 _h1227 |
||
| 590 |
_aE5765TAJ _b05 _c20170615 _lUCH01 _h0902 |
||
| 650 | 1 | 4 |
_aQuímica física y teórica. _9132607 |
| 650 | 1 | 4 |
_aQuímica _xEstudio y enseñanza. _993559 |
| 901 | _aBK | ||
| 942 | _cLIBRO | ||
| 942 | _n0 | ||
| 999 |
_c109848 _d109848 |
||